Das Buch des Lappen (Record no. 6860)

MARC details
000 -CABECERA
campo de control de longitud fija 00609nam a2200217 a 4500
001 - NÚMERO DE CONTROL
campo de control BRCA_7179
005 - FECHA Y HORA DE LA ÚLTIMA TRANSACCIÓN
campo de control 20190320205736.0
008 - DATOS DE LONGITUD FIJA--INFORMACIÓN GENERAL
campo de control de longitud fija 130112s1913----gw-ac#####---#000-0#ger-#
041 ## - CÓDIGO DE LENGUA
Código de lengua del texto/banda sonora o título independiente ger
044 ## - CÓDIGO DEL PAÍS DE LA ENTIDAD EDITORA/PRODUCTORA
Código MARC del país gw
050 #4 - SIGNATURA TOPOGRÁFICA DE LA BIBLIOTECA DEL CONGRESO
Número de clasificación DL971 .L2
Número de documento/Ítem .T87 1913
100 1# - ENTRADA PRINCIPAL--NOMBRE DE PERSONA
Nombre de persona Turi, Johan
9 (RLIN) 17798
245 10 - MENCIÓN DE TÍTULO
Título Das Buch des Lappen
Mención de responsabilidad, etc. Johan Turi; Hrsg. von Emilie Demant.
260 ## - PUBLICACIÓN, DISTRIBUCIÓN, ETC.
Lugar de publicación, distribución, etc. Frankfurt, Alemania
Nombre del editor, distribuidor, etc. Rutten & Loening
Fecha de publicación, distribución, etc. 1913
300 ## - DESCRIPCIÓN FÍSICA
Extensión xix, 262 p.
Otras características físicas il., retratos
Dimensiones 21 cm.
500 ## - NOTA GENERAL
Nota general P69
650 14 - PUNTO DE ACCESO ADICIONAL DE MATERIA--TÉRMINO DE MATERIA
Término de materia o nombre geográfico como elemento de entrada Laponia
Término indicativo de función/relación Descripción
9 (RLIN) 17799
700 1# - PUNTO DE ACCESO ADICIONAL--NOMBRE DE PERSONA
Nombre de persona Demant-Hatt, Emilie
Término indicativo de función/relación ed.
9 (RLIN) 17800
902 ## - CATALOGADOR
Iniciales GFM
942 ## - ELEMENTOS DE PUNTO DE ACCESO ADICIONAL (KOHA)
Fuente del sistema de clasificación o colocación Library of Congress Classification
Tipo de ítem Koha Libros
Holdings
Estado de retiro Estado de pérdida Estado dañado No para préstamo Localización permanente Ubicación/localización actual Fecha de adquisición Número de inventario Total de préstamos Signatura topográfica completa Código de barras Fecha visto por última vez Precio válido a partir de Tipo de ítem Koha
El ejemplar forma parte de la colección y puede ser consultado según las políticas vigentes.       Biblioteca del Museo Franz Mayer (Rogerio Casas-Alatriste) Biblioteca del Museo Franz Mayer (Rogerio Casas-Alatriste) 13/01/2012 P69   DL971 .L2 .T87 1913 (P69) 7626 22/03/2019 22/03/2019 Libros